[Event "4NCL 2019-20"]
[Site "Daventry"]
[Date "2020.02.09"]
[Round "6"]
[White "Adams, Michael"]
[Black "Speelman, Jon S"]
[Result "1-0"]
[WhiteElo "2694"]
[BlackElo "2509"]
[Annotator "TA"]
[PlyCount "73"]
[EventDate "2020.01.11"]
[EventCountry "ENG"]
[SourceTitle "playchess.com"]
[Source "ChessBase"]
[SourceQuality "1"]

{[%evp 12,73,15,15,20,9,24,22,31,22,60,61,76,86,90,83,81,72,85,71,80,45,43,50,60,27,66,63,68,69,72,69,68,66,150,135,142,133,221,178,176,154,212,212,206,213,207,191,199,185,175,176,177,137,220,185,229,230,287,237,230,225,219,157]} 1. e4 e6 2. d4 d5 3. Nc3 Nf6 4. Bg5 dxe4 5. Nxe4 Nbd7 6. Nf3 h6 7. Bxf6 Nxf6 {C13: French: Classical System: 4 Bg5 Be7, Alekhine-Chatard Attack.} 8. Bd3 Bd6 9. Qe2 Bd7 {[#] The position is equal.} 10. O-O-O $146 ({Predecessor:} 10. Ne5 Nxe4 11. Qxe4 Bxe5 12. Qxe5 Qg5 13. Qxc7 Qxg2 14. O-O-O Rc8 15. Qd6 Qd5 16. Qxd5 exd5 {½-½ (67) Askarov,B (2416)-Nakar,E (2473) Golden Sands 2015}) 10... Bc6 11. Bb5 Qd7 12. Bxc6 Qxc6 13. Nxf6+ gxf6 14. d5 $1 {[%cal Rd5c6]} Qa4 15. Kb1 e5 16. Nd2 O-O-O 17. Qh5 Qf4 18. f3 $36 {[%mdl 2048] aiming for Ne4. White is more active.} Qg5 19. Qxf7 Qxg2 20. Qxf6 Qh3 21. Rdg1 Rhf8 22. Rg3 Qd7 ({Black should try} 22... Qh5 $14 23. Qe6+ Kb8) 23. Qxh6 $16 e4 24. Rg7 Qb5 (24... Bf4 $16 25. Rxd7 Bxh6 26. Rxd8+ Kxd8) 25. Qe6+ ({Don't play} 25. Nxe4 $6 Qxd5 26. Qh3+ Kb8) 25... Kb8 {[#] White must now prevent ...Rfe8.} 26. Qxe4 ({Not} 26. fxe4 Rfe8 $17) 26... Rde8 (26... Bf4 $16 {is a better defense.}) 27. Qc4 $18 Qb6 {And now ...Be5! would win.} 28. Rg2 Rf4 29. Re2 {[%cal Re2e8] [#]} Rg8 30. Ne4 Rxf3 31. Nxd6 Qxd6 32. Qe4 Rff8 (32... Rh3 $16 33. Qe6 Rhh8) 33. a3 a6 34. h4 Rd8 35. h5 Qxd5 36. Qxd5 Rxd5 37. Re7 {Accuracy: White = 80%, Black = 58%.} 1-0

[Event "4NCL 2019-20"]
[Site "Daventry"]
[Date "2020.02.09"]
[Round "6"]
[White "McShane, Luke J"]
[Black "Haria, Ravi"]
[Result "1/2-1/2"]
[WhiteElo "2677"]
[BlackElo "2450"]
[Annotator "TA"]
[PlyCount "81"]
[EventDate "2020.01.11"]
[EventCountry "ENG"]
[SourceTitle "playchess.com"]
[Source "ChessBase"]
[SourceQuality "1"]

{[%evp 11,81,39,45,45,48,42,52,41,54,21,26,16,29,15,10,0,20,25,19,16,18,25,15,20,27,24,21,0,0,0,0,0,0,0,0,0,0,0,6,0,0,0,0,0,0,0,0,0,0,0,0,0,0,0,0,0,7,0,0,0,0,0,0,0,0,0,0,0,0,0,0,0]} 1. e4 e5 2. Nf3 Nc6 3. Bb5 g6 4. O-O Bg7 5. c3 a6 6. Ba4 d6 7. d4 {C60: Ruy Lopez: Unusual Black 3rd moves and 3...g6.} exd4 8. cxd4 b5 9. Bb3 {White is slightly better.} Nge7 10. d5 Na5 $1 11. Nd4 O-O 12. Nc3 Bb7 13. Be3 {[#]} Nxb3 $146 (13... b4 $5 {[%cal Rb4c3]} 14. Nce2 Nxb3 15. Qxb3 c5 $11) ({Predecessor:} 13... Re8 14. Rc1 Nc8 15. Qd3 Nb6 16. Nce2 Nbc4 17. Bxc4 Nxc4 18. b3 Nxe3 19. fxe3 Qe7 {0-1 (78) Bojkovic,N (2425)-Zhukova,N (2468) Palic 2014}) 14. Qxb3 c5 15. dxc6 $1 Nxc6 16. Nxc6 Bxc6 17. Rad1 Qe7 18. f3 Be5 19. Nd5 {The position is equal.} Bxd5 20. Rxd5 Rfc8 21. g3 Rc4 22. Rf2 Rac8 23. Kg2 Qe6 24. Qd3 h5 25. Re2 R8c6 26. f4 Bg7 27. Bf2 Qe7 28. f5 Be5 29. Be3 Qc7 30. Kh3 Rc2 31. Bd4 {[#] Threatens to win with Rxc2.} Rxe2 32. Qxe2 Rc2 33. Qd1 Rc1 34. Qf3 Bxd4 35. Rxd4 $11 {[%mdl 4096] Endgame KQR-KQR} Qe7 36. Qf4 Rc2 37. fxg6 fxg6 {[#] Hoping for ...g5.} 38. Rxd6 Kg7 {White must now prevent ...g5.} 39. e5 {And now Qe4 would win.} ({Avoid the trap} 39. Rxa6 $2 g5 $19) 39... g5 {( -> ...g4+)} 40. Qf6+ Qxf6 41. exf6+ {Accuracy: White = 96%, Black = 100%.} 1/2-1/2

[Event "4NCL 2019-20"]
[Site "Daventry"]
[Date "2020.02.09"]
[Round "6"]
[White "Erdos, Viktor"]
[Black "Derakhshani, Borna"]
[Result "1-0"]
[WhiteElo "2621"]
[BlackElo "2354"]
[Annotator "TA"]
[PlyCount "111"]
[EventDate "2020.01.11"]
[EventCountry "ENG"]
[SourceTitle "playchess.com"]
[Source "ChessBase"]
[SourceQuality "1"]

{[%evp 18,111,20,22,58,45,53,58,58,58,70,74,122,105,106,102,136,123,130,126,129,130,135,134,134,125,154,103,127,126,119,128,115,89,100,100,87,87,99,92,98,96,123,98,105,104,97,99,119,119,119,119,119,119,150,141,145,145,138,138,200,199,229,211,325,309,316,318,311,311,306,283,523,321,316,314,372,377,389,389,387,368,362,355,406,406,401,393,393,385,562,573,649,600,676,499]} 1. Nf3 Nf6 2. c4 c6 3. d4 d5 4. e3 e6 5. Bd3 Bd6 6. Nc3 Nbd7 7. e4 dxe4 8. Nxe4 Nxe4 9. Bxe4 Nf6 10. Bc2 h6 {[#] D46: Semi-Slav: 5 e3 Nbd7 6 Bd3, Black avoids the Meran.} 11. Bd2 $146 ({Predecessor:} 11. O-O O-O 12. b3 b5 13. c5 Bc7 14. Bb2 a5 15. a3 Ba6 16. Re1 b4 17. axb4 axb4 18. Qd2 Bb5 19. Rxa8 Qxa8 20. Ra1 Qd8 21. Qxb4 {1-0 (32) Delchev,A (2568)-Alexakis,G (2175) Anogia 2019}) 11... b5 12. c5 Bc7 {White is slightly better.} 13. O-O Nd5 14. Re1 Qf6 15. Ne5 Bxe5 16. Rxe5 Bb7 17. Qe2 {[#] aiming for Rxd5!} Rd8 18. a4 a6 19. Ra3 Bc8 20. Rf3 Qh4 21. Ba5 Rd7 22. Re4 (22. g3 $142 Qe7 23. Bg6) 22... Qe7 $16 23. Bd2 Nf6 24. Ref4 Qd8 25. Bc3 b4 {[%mdl 64] [#] Decoy} 26. Bxb4 Nd5 {[%mdl 64] Double Attack} 27. Bc3 {And now Qxe6+! would win.} Nxf4 28. Rxf4 Qg5 29. g3 {[%mdl 1024] White has strong compensation.} Qe7 30. Qe4 f5 31. Qe2 O-O 32. Rf3 {[%cal Bf4f3,Bf3e3,Be3e5][%mdl 32]} Qf7 33. Re3 Re7 34. Re5 Ree8 35. Kg2 g5 36. f3 Rd8 37. Bb3 {[%cal Re5e6]} Rfe8 38. Bc4 a5 (38... Kf8 $16 39. b4 (39. Bxa6 Bxa6 40. Qxa6 Qd7 $16) 39... Re7 40. Bxa6 Bxa6 41. Qxa6 Qe8) 39. Qe3 $18 f4 40. Qe4 Qh7 (40... Rd5 {is a better defense.} 41. Bxd5 (41. Bxa5 Rxe5 42. dxe5 Qh7 $16) 41... cxd5) 41. Bxa5 Qxe4 42. Rxe4 Rd5 43. Bxd5 cxd5 {[%mdl 4096] Endgame KRB-KRB} 44. Re1 fxg3 $2 (44... Bd7 45. b3 e5 46. dxe5 Kf7 47. gxf4 Ke6) 45. hxg3 Bd7 46. b3 Rb8 47. Bb6 Kf7 48. g4 Bc6 49. Kg3 Kf6 50. Re3 Ra8 51. Bc7 Ra7 52. Be5+ Kf7 53. f4 Rb7 (53... Be8 {was necessary.} 54. Kf2 gxf4) 54. fxg5 {White is clearly winning.} hxg5 55. Kf2 Kg6 56. Rf3 {Accuracy: White = 88%, Black = 63%.} 1-0

[Event "4NCL 2019-20"]
[Site "Daventry"]
[Date "2020.02.09"]
[Round "6"]
[White "Parligras, Mircea-Emilian"]
[Black "Sukandar, Irine Kharisma"]
[Result "1/2-1/2"]
[WhiteElo "2600"]
[BlackElo "2408"]
[Annotator "TA"]
[PlyCount "145"]
[EventDate "2020.01.11"]
[EventCountry "ENG"]
[SourceTitle "playchess.com"]
[Source "ChessBase"]
[SourceQuality "1"]

{[%evp 9,145,29,24,25,28,28,29,29,34,25,32,31,34,24,39,30,39,37,50,50,38,52,52,30,30,30,29,6,14,0,30,30,30,30,29,30,43,38,37,36,34,33,39,39,37,25,39,7,13,6,10,10,22,19,33,3,19,8,14,8,13,14,14,14,14,13,14,14,83,31,36,41,77,55,50,62,108,116,105,65,72,65,65,65,65,65,65,65,65,59,58,58,58,58,58,36,72,72,70,45,40,34,38,28,28,28,28,28,28,28,28,28,28,28,70,70,70,70,70,70,70,70,70,70,70,70,70,70,70,70,70,70,70,70,71,70,70,70]} 1. d4 Nf6 2. c4 e6 3. Nf3 d5 4. Nc3 a6 5. cxd5 exd5 6. Bg5 {D37: Queen's Gambit Declined: 5 Bf4.} Be6 7. e3 Nbd7 8. Bd3 {White has an edge.} Bd6 9. Bf4 Qe7 10. O-O O-O 11. h3 h6 12. Re1 Rfe8 $1 {[#]} 13. Rc1 $146 ({Predecessor:} 13. a3 c6 14. Qc2 a5 15. Na4 Ne4 16. Bxe4 dxe4 17. Qxe4 Nf6 18. Bxd6 Qxd6 19. Qe5 {½-½ (52) Ding,L (2774)-Carlsen,M (2837) Saint Louis 2017}) 13... c5 14. Bxd6 Qxd6 15. dxc5 Nxc5 16. Na4 Nxd3 17. Qxd3 Ne4 18. Red1 Rac8 19. Nc3 Nxc3 20. Rxc3 Rxc3 21. Qxc3 Rc8 22. Qd2 Qc5 23. a3 Qc2 24. Nd4 Qxd2 25. Rxd2 $14 {[%mdl 4096] Endgame KRB-KRN} Rc1+ 26. Kh2 Kf8 27. Kg3 Ke8 28. f4 g6 29. Kf2 h5 30. Ne2 Rc5 31. Nc3 Kd7 32. Rd4 Kc6 33. Kf3 b5 34. g4 hxg4+ 35. hxg4 a5 36. Rd2 Rc4 37. Ne2 Bd7 38. Nd4+ Kb6 (38... Kd6 $11) 39. Rd1 (39. Rh2 $16) 39... b4 40. b3 Rc7 41. axb4 axb4 42. Rh1 Bb5 43. Rh8 {[#] Threatens to win with Rb8+.} Bd3 44. Rb8+ Rb7 45. Rd8 Be4+ 46. Kg3 Kc7 47. Ra8 Kd7 48. Ra6 Bd3 49. Rf6 Ke7 50. Rc6 Kf8 51. Rd6 Be4 52. Kh4 Kg7 53. Kg5 Rc7 54. f5 gxf5 $1 55. gxf5 Rc1 56. Rd7 {[#] Strongly threatening Ne6+.} Rg1+ $1 57. Kf4 Kf6 58. Rd6+ Kg7 $1 59. Ke5 Re1 60. Rd7 Rxe3 61. Ne6+ Kg8 62. Ng5 $1 {Threatening mate with Kf6.} Bxf5+ $1 ({Weaker is} 62... Rxb3 63. f6 Kh8 64. Rd8#) 63. Kxf5 {Hoping for Kf6. KRN-KR} Kf8 $1 64. Rxf7+ Ke8 65. Rb7 Rxb3 66. Ke6 {[%cal Rb7b8]} Re3+ 67. Kd6 {[%cal Rb7b8]} Kf8 68. Nh7+ Kg8 69. Nf6+ Kf8 70. Nd7+ Kg8 71. Ne5 d4 72. Ke6 d3 73. Kf6 {Accuracy: White = 92%, Black = 89%.} 1/2-1/2

[Event "4NCL 2019-20"]
[Site "Daventry"]
[Date "2020.02.09"]
[Round "6"]
[White "Pert, Nicholas"]
[Black "Houska, Jovanka"]
[Result "1-0"]
[WhiteElo "2558"]
[BlackElo "2401"]
[Annotator "TA"]
[PlyCount "97"]
[EventDate "2020.01.11"]
[EventCountry "ENG"]
[SourceTitle "playchess.com"]
[Source "ChessBase"]
[SourceQuality "1"]

{[%evp 13,97,11,11,13,9,5,24,0,7,11,10,11,8,10,19,15,22,6,8,8,5,11,10,12,15,16,47,0,0,0,0,0,0,0,0,0,0,0,12,16,16,61,100,100,99,103,103,41,41,36,48,58,58,58,126,0,19,0,0,0,128,106,365,358,1937,1670,1386,1304,677,665,12820,12824,5302,4347,976,852,12842,12843,12844,12844,12845,12845,12846,12847,12848,12848]} 1. d4 d5 2. c4 e6 3. Nf3 Nf6 4. Nc3 Be7 5. Bf4 O-O 6. e3 Nbd7 {The modern move.} 7. c5 Nh5 8. Bd3 {D37: Queen's Gambit Declined: 5 Bf4.} Nxf4 9. exf4 c6 10. O-O {White has an edge.} b6 11. b4 a5 12. a3 $1 Qc7 {[%cal Rb6c5]} 13. g3 Bf6 14. Qc2 g6 15. h4 Ba6 {[#]} 16. Kg2 $146 ({Predecessor:} 16. h5 Bxd3 17. Qxd3 axb4 18. axb4 bxc5 19. bxc5 Ra5 20. Rfb1 Rfa8 21. Rxa5 Rxa5 22. Rb3 {1-0 (36) Peregudov,N (2382)-Bragin,A (2250) Tomsk 2006}) 16... axb4 17. axb4 Bxd3 18. Qxd3 bxc5 19. bxc5 Bg7 20. h5 gxh5 21. Rh1 Rxa1 22. Rxa1 Rb8 23. Ra6 Qb7 24. Ne5 Bxe5 25. fxe5 Nf8 (25... h4 $5) 26. Rb6 Qc7 27. Qa6 $36 {[%mdl 2048] White has the initiative.} h4 28. Rxc6 Qd8 29. Rb6 hxg3 30. Rxb8 (30. fxg3 $16 Ra8 31. Rd6) 30... Qxb8 $14 31. fxg3 Qb2+ 32. Ne2 {aiming for c6.} Qc2 33. Kf2 $1 {Threatens to win with Qb7.} Ng6 (33... f6 $14) 34. Qa5 (34. Qd6 $16 {And now c6 would win.} h5 35. c6) 34... Qf5+ 35. Ke3 {Black must now prevent c6.} Qg5+ $1 36. Kd3 {Hoping for c6.} Qf5+ (36... Ne7 $11) 37. Kd2 $16 Qg5+ $2 {[%mdl 8192]} (37... f6 $16) 38. Ke1 $18 f6 $2 (38... Qf5 39. c6 Qb1+ 40. Kd2 Qb2+ 41. Ke3 Kg7) 39. Qd8+ {[%mdl 64] [#] Double Attack. White is clearly winning.} Kf7 40. c6 Ne7 41. c7 h5 42. exf6 Qxf6 43. c8=Q Nxc8 44. Qxc8 h4 45. Qd7+ Kg6 46. Nf4+ Kf5 {[#]} 47. Nxe6 $1 {[%mdl 512]} hxg3 (47... Qxe6+ 48. Qxe6+) 48. Qxd5+ Kg4 49. Qe4+ {Accuracy: White = 89%, Black = 65%.} 1-0

[Event "4NCL 2019-20"]
[Site "Daventry"]
[Date "2020.02.09"]
[Round "6"]
[White "Turner, Matthew J"]
[Black "Schneider, Dmitry"]
[Result "1/2-1/2"]
[WhiteElo "2521"]
[BlackElo "2475"]
[Annotator "TA"]
[PlyCount "131"]
[EventDate "2020.01.11"]
[EventCountry "ENG"]
[SourceTitle "playchess.com"]
[Source "ChessBase"]
[SourceQuality "1"]

{[%evp 20,131,31,23,37,18,16,8,20,-17,0,-86,-90,-108,-101,-109,-104,-115,-104,-104,-115,-119,-81,-83,-46,-49,-45,-28,-11,-33,-5,0,-6,-7,-6,-6,-4,-8,-4,-14,-2,-5,-3,-25,-25,-25,-8,-12,-8,-13,-8,-8,-7,-8,-9,-15,-22,-80,-80,-81,-85,-77,-54,-63,-39,-39,-39,-49,-39,-39,-33,-33,-33,-33,-33,-33,-33,-33,-33,-33,-33,-33,-33,-33,-33,-39,-39,-39,-39,-39,-33,-39,-39,-39,-39,-47,-40,-40,-40,-47,-20,-20,-20,-20,0,-47,-47,-47,-18,-18,-14,-14,-14,-14]} 1. Nf3 d5 2. g3 c5 3. Bg2 Nc6 4. d4 Nf6 5. O-O e6 6. c4 Be7 7. dxc5 Bxc5 8. Nc3 O-O 9. cxd5 exd5 10. b3 a6 {was the old line (10...Be6).} 11. Bb2 Ba7 {D34: Tarrasch Defence: 6 g3 Nf6 7 Bg2 Be7.} 12. Rc1 d4 13. Na4 Re8 14. Re1 {[#]} Ne4 $146 ({Predecessor:} 14... Bg4 15. Nc5 Bxc5 16. Rxc5 Qd6 17. Rc4 Be6 18. Rc1 Rad8 19. Qc2 d3 20. Qxd3 Qxd3 21. exd3 Rxd3 {½-½ (50) Allor,C (2138)-Nyland,T (2047) Caleta 2014}) 15. Rf1 (15. Nd2 $11 Bf5 16. Nxe4 Bxe4 17. Bxe4 Rxe4 18. Ba3) 15... Bg4 16. h3 Bh5 17. g4 Bg6 18. Rxc6 bxc6 19. Bxd4 Bxd4 20. Nxd4 Qf6 {White must now prevent ...Rad8.} 21. e3 h5 22. gxh5 Bh7 $1 23. Qf3 Qxf3 24. Nxf3 c5 25. Rc1 Rac8 26. h4 Bf5 27. Ng5 f6 28. Nxe4 Bxe4 29. Bf1 a5 30. Kh2 Bf3 31. Nxc5 Bxh5 32. a3 Red8 33. b4 axb4 34. axb4 Rd2 35. Kg3 Rb2 36. Bc4+ Kh8 37. Be6 Rd8 38. Bf5 (38. Nb3 $11) 38... Rd1 $17 39. Nd3 {[#] Intending Rc8+ and mate.} Rxc1 40. Nxb2 {[%mdl 4096] Endgame KRB-KBN} Rc3 41. Be6 Rc6 {[%mdl 1024] Black has compensation.} 42. Bc4 Rb6 43. Nd3 Be2 44. b5 Rd6 45. Ne5 {[#] aiming for Nf7+.} Bxc4 46. Nxc4 $15 {KR-KN} Rd5 47. b6 Rb5 48. h5 Rb4 49. Nd6 Rxb6 50. Nf5 $1 Kh7 51. f3 Rb1 52. Kg2 Rb5 53. e4 Ra5 54. Kg3 Ra1 55. Kg2 Kg8 56. Kh2 Kf7 57. Kg2 Ra7 58. Kg3 Ra8 59. Nd6+ Ke6 60. Nf5 Ra7 61. Nd4+ Kf7 62. Nf5 Rd7 63. Kh3 $1 Ke6 64. Kg3 {The position is equal.} Ke5 65. h6 gxh6 66. Nxh6 {Accuracy: White = 93%, Black = 90%.} 1/2-1/2

[Event "4NCL 2019-20"]
[Site "Daventry"]
[Date "2020.02.09"]
[Round "6"]
[White "Tan, Justin"]
[Black "Sadler, Matthew D"]
[Result "0-1"]
[WhiteElo "2511"]
[BlackElo "2692"]
[Annotator "TA"]
[PlyCount "82"]
[EventDate "2020.01.11"]
[EventCountry "ENG"]
[SourceTitle "playchess.com"]
[Source "ChessBase"]
[SourceQuality "1"]

{[%evp 9,82,34,30,18,31,20,11,22,22,22,22,22,22,15,19,16,25,20,37,0,0,0,-3,-36,0,0,0,0,0,0,0,0,68,0,0,0,0,0,0,0,0,-12,0,0,0,0,0,-4,-2,-335,-335,-335,-335,-327,-315,-404,-393,-366,-126,-490,-62,-432,-421,-799,-771,-710,-440,-440,-431,-418,-417,-863,-858,-623,-601]} 1. e4 e6 2. d4 d5 3. Nd2 h6 4. Ngf3 Nf6 5. e5 Nfd7 6. Bd3 {C03: French Tarrasch: Unusual Black 3rd moves.} c5 7. c4 dxc4 8. Nxc4 {The position is equal.} Nc6 9. O-O cxd4 10. Bf4 Nc5 11. Rc1 {[#]} Nxd3 $146 ({Predecessor:} 11... Qd5 12. Bb1 b6 13. a3 Ba6 14. Ba2 Qd7 15. Re1 g5 16. Bg3 Bxc4 17. Bxc4 a6 {1-0 (50) Marczell,P (2559)-Kerr,S (2502) ICCF email 2009}) 12. Qxd3 Qd5 13. Rfd1 {[%cal Rf3d4]} Bd7 14. a3 Be7 15. b4 {Threatens to win with b5.} O-O $1 16. Qb1 Qb5 (16... Rac8 {seems wilder.} 17. Bg3 b6 18. h3 Rfd8 19. Kh1 h5) 17. Nxd4 Nxd4 18. Rxd4 Rac8 19. Qd3 Rfd8 20. Qg3 {White wants to play Bxh6.} Kh8 (20... Kh7 $1 $11) 21. Qe3 (21. h4 $14) 21... Be8 $11 {And now ...Rxc4! would win.} 22. Rxd8 Rxd8 23. Nd6 Bxd6 24. exd6 Qd5 25. f3 Bc6 26. Rc5 Qd1+ 27. Kf2 a6 28. Bxh6 Rxd6 29. Rh5 $2 {[%mdl 8192] [#]} (29. Bf4 $11 Rd3 30. Qe5) 29... Qc2+ $1 $19 30. Kg3 {Threatening mate with Bxg7+!} Qg6+ {[%mdl 64] Double Attack} 31. Kh4 {[#]} Rd5 $1 {[%csl Gg6][%cal Rd5h5]} 32. Bg5+ Kg8 33. g4 Qc2 $2 (33... e5 $19 {Hoping for ...Qc2.} 34. Qe4 Qxe4 35. fxe4 Rd4) 34. h3 $2 {[%mdl 8192]} (34. Bf4 $17 {nothing else works.}) 34... Qh2 $2 $40 {[%mdl 128] Black mounts an attack.} ({Black should try} 34... e5 $19 {...f6 is the strong threat.} 35. Qe1 f6) 35. Qa7 $2 {[%mdl 8192]} (35. Bf4 $15 Rxh5+ 36. gxh5) 35... f6 36. Bxf6 (36. Be3 $142 Rd3 37. g5) 36... Rxh5+ 37. Kxh5 Be8+ 38. Kg5 Qd2+ (38... gxf6+ $2 39. Kxf6 Qf4+ 40. Kxe6 $17) 39. f4 Qd5+ ({Not} 39... gxf6+ 40. Kxf6 Qxf4+ 41. Kxe6 $19) 40. f5 (40. Kh4 $142 gxf6 41. Qe3) 40... Qd2+ 41. Kh4 gxf6 {Accuracy: White = 52%, Black = 74%.} 0-1

[Event "4NCL 2019-20"]
[Site "Daventry"]
[Date "2020.02.09"]
[Round "6"]
[White "Gormally, Daniel W"]
[Black "Kanyamarala, Tarun"]
[Result "0-1"]
[WhiteElo "2508"]
[BlackElo "2349"]
[Annotator "ChessBase"]
[PlyCount "56"]
[EventDate "2020.01.11"]
[EventCountry "ENG"]
[SourceTitle "playchess.com"]
[Source "ChessBase"]
[SourceQuality "1"]
[TimeControl "40/6000:3000+30"]

1. d4 {[%emt 0:00:00]} Nf6 {[%emt 0:00:00]} 2. Nf3 {[%emt 0:00:00]} e6 {[%emt 0:00:00]} 3. c4 {[%emt 0:00:00]} d5 {[%emt 0:00:00]} 4. Nc3 {[%emt 0:00:00]} Bb4 {[%emt 0:00:22]} 5. g3 {[%emt 0:00:00]} dxc4 {[%emt 0:01:06]} 6. Bg2 {[%emt 0:00:00]} O-O {[%emt 0:00:00]} 7. O-O {[%emt 0:00:00]} Nc6 {[%emt 0:00:00]} 8. a3 {[%emt 0:00:16]} Bxc3 {[%emt 0:08:43]} 9. bxc3 {[%emt 0:00:00]} Rb8 {[%emt 0:00:24]} 10. Qc2 {[%emt 0:05:44]} b6 {[%emt 0:16:57]} 11. e4 {[%emt 0:00:00]} h6 {[%emt 0:00:00]} 12. Nd2 {[%emt 0:06:37]} e5 {[%emt 0:14:08]} 13. d5 {[%emt 0:04:47]} Na5 {[%emt 0:00:23]} 14. a4 {[%emt 0:01:28]} c6 {[%emt 0:06:53]} 15. Ba3 {[%emt 0:01:19]} Re8 {[%emt 0:00:00]} 16. Rad1 {[%emt 0:00:22]} cxd5 {[%emt 0:09:50]} 17. exd5 {[%emt 0:00:00]} Bg4 {[%emt 0:00:31]} 18. f3 {[%emt 0:03:25]} Bh5 {[%emt 0:00:00]} 19. Ne4 {[%emt 0:00:00]} Nxe4 {[%emt 0:05:00]} 20. fxe4 {[%emt 0:00:00]} Bxd1 {[%emt 0:02:17]} 21. Qxd1 {[%emt 0:00:00]} Nb7 {[%emt 0:00:25]} 22. Qh5 {[%emt 0:03:00]} Qc7 {[%emt 0:03:32]} 23. g4 {[%emt 0:09:02]} Rbd8 {[%emt 0:02:48]} 24. h4 {[%emt 0:09:54]} Nc5 {[%emt 0:03:33]} 25. g5 {[%emt 0:01:39]} Rd6 {[%emt 0:00:00]} 26. Bc1 {[%emt 0:03:03]} Nd3 {[%emt 0:07:22]} 27. Be3 {[%emt 0:00:00]} Nf4 {[%emt 0:01:36]} 28. Qf3 {[%emt 0:00:00]} Rg6 {[%emt 0:00:16]} 0-1

[Event "4NCL 2019-20"]
[Site "Daventry"]
[Date "2020.02.09"]
[Round "6"]
[White "Cyborowski, Lukasz"]
[Black "Fitzsimons, David"]
[Result "1/2-1/2"]
[WhiteElo "2505"]
[BlackElo "2328"]
[Annotator "ChessBase"]
[PlyCount "83"]
[EventDate "2020.01.11"]
[EventCountry "ENG"]
[SourceTitle "playchess.com"]
[Source "ChessBase"]
[SourceQuality "1"]
[TimeControl "40/6000:3000+30"]

1. Nf3 {[%emt 0:00:00]} Nf6 {[%emt 0:00:02]} 2. c4 {[%emt 0:00:00]} g6 {[%emt 0:00:00]} 3. g3 {[%emt 0:00:58]} Bg7 {[%emt 0:00:00]} 4. Bg2 {[%emt 0:00:00]} O-O {[%emt 0:00:00]} 5. O-O {[%emt 0:00:00]} c5 {[%emt 0:00:00]} 6. d4 {[%emt 0:01:50]} cxd4 {[%emt 0:00:00]} 7. Nxd4 {[%emt 0:00:00]} d5 {[%emt 0:01:57]} 8. cxd5 {[%emt 0:06:43]} Nxd5 {[%emt 0:00:00]} 9. Nc3 {[%emt 0:01:02]} Nxc3 {[%emt 0:11:19]} 10. bxc3 {[%emt 0:00:06]} Nc6 {[%emt 0:02:10]} 11. Nxc6 {[%emt 0:35:07]} bxc6 {[%emt 0:00:08]} 12. Bxc6 {[%emt 0:05:15]} Bh3 {[%emt 0:02:54]} 13. Qxd8 {[%emt 0:02:17]} Raxd8 {[%emt 0:00:00]} 14. Bg2 {[%emt 0:00:00]} Bxg2 {[%emt 0:00:00]} 15. Kxg2 {[%emt 0:00:00]} Bxc3 {[%emt 0:00:00]} 16. Rb1 {[%emt 0:00:00]} Rd7 {[%emt 0:03:42]} 17. Rb3 {[%emt 0:01:42]} Rc8 {[%emt 0:03:23]} 18. Be3 {[%emt 0:01:07]} Bf6 {[%emt 0:01:25]} 19. Ra3 {[%emt 0:02:35]} Rc2 {[%emt 0:00:18]} 20. Kf3 {[%emt 0:02:57]} h5 {[%emt 0:05:27]} 21. Rb1 {[%emt 0:10:03]} Rc3 {[%emt 0:04:54]} 22. Rb8+ {[%emt 0:10:13]} Kg7 {[%emt 0:00:00]} 23. Rxc3 {[%emt 0:00:58]} Bxc3 {[%emt 0:00:00]} 24. Ra8 {[%emt 0:00:00]} a5 {[%emt 0:00:00]} 25. Ra7 {[%emt 0:00:00]} Rxa7 {[%emt 0:17:14]} 26. Bxa7 {[%emt 0:00:00]} f5 {[%emt 0:02:56]} 27. Ke3 {[%emt 0:00:26]} e5 {[%emt 0:00:28]} 28. Kd3 {[%emt 0:00:28]} Be1 {[%emt 0:00:00]} 29. a4 {[%emt 0:05:10]} Kf6 {[%emt 0:00:01]} 30. Bb6 {[%emt 0:02:58]} g5 {[%emt 0:04:10]} 31. Kc4 {[%emt 0:03:47]} f4 {[%emt 0:00:40]} 32. e4 {[%emt 0:02:53]} fxe3 {[%emt 0:01:05]} 33. Bxe3 {[%emt 0:00:07]} Kf5 {[%emt 0:00:00]} 34. Kd5 {[%emt 0:00:00]} e4 {[%emt 0:00:12]} 35. h3 {[%emt 0:00:00]} g4 {[%emt 0:00:02]} 36. hxg4+ {[%emt 0:00:15]} hxg4 {[%emt 0:00:00]} 37. Bd4 {[%emt 0:00:00]} Bb4 {[%emt 0:00:00]} 38. Bb6 {[%emt 0:00:06]} Be1 {[%emt 0:00:00]} 39. Bc5 {[%emt 0:00:01]} Bd2 {[%emt 0:00:00]} 40. Be3 {[%emt 0:00:00]} Be1 {[%emt 0:00:00]} 41. Bb6 {[%emt 0:10:51]} Bb4 {[%emt 0:01:27]} 42. Be3 {[%emt 0:03:03] Ke5+ Kxe4+} 1/2-1/2